Online
Catalog

10 happenings de wolf vostell / (Record no. 37263)

MARC details
000 -CABECERA
campo de control de longitud fija 00440nam a2200133 a 4500
001 - NÚMERO DE CONTROL
campo de control 000037773
005 - FECHA Y HORA DE LA ÚLTIMA TRANSACCIÓN
campo de control 20201002031119.0
008 - DATOS DE LONGITUD FIJA--INFORMACIÓN GENERAL
campo de control de longitud fija 130306s1999 sp a 000 0 spa d
040 ## - FUENTE DE LA CATALOGACIÓN
Centro catalogador/agencia de origen DO-SdBNP
Lengua de catalogación spa
Centro/agencia transcriptor BNPHU
100 1# - ENTRADA PRINCIPAL--NOMBRE DE PERSONA
Nombre de persona Agúndez García, José Antonio
9 (RLIN) 64223
245 10 - MENCIÓN DE TÍTULO
Título 10 happenings de wolf vostell /
Mención de responsabilidad, etc. José Antonio Agúndez García.
260 ## - PUBLICACIÓN, DISTRIBUCIÓN, ETC.
Lugar de publicación, distribución, etc. España :
Nombre del editor, distribuidor, etc. Editora Regional de Extremadura ,
Fecha de publicación, distribución, etc. 1999.
300 ## - DESCRIPCIÓN FÍSICA
Extensión 376 p. :
Otras características físicas il. ;
Dimensiones 24 cm.
Holdings
Estado de retiro Estado de pérdida Restricciones de uso No para préstamo Código de colección Localización permanente Ubicación/localización actual Ubicación en estantería Fecha de adquisición Número de inventario Total de préstamos Signatura topográfica completa Código de barras Fecha visto por última vez Precio válido a partir de Tipo de ítem Koha
        Monografías: Libros y Folletos General General Orden iniciada 06.03.2013 LF1   37773-10 25.06.2020 25.06.2020 No se presta

Powered by Koha